书目信息 |
| 题名: |
表观遗传学前沿
|
|
| 作者: | 蔡禄 | |
| 分册: | ||
| 出版信息: | 北京 清华大学出版社 2012 |
|
| 页数: | 285 | |
| 开本: | 26cm | |
| 丛书名: | ||
| 单 册: | ||
| 中图分类: | Q34 | |
| 科图分类: | ||
| 主题词: | 遗传学--分类 | |
| 电子资源: | ||
| ISBN: | 7-302-30817-1 | |
| 000 | 00523nam0 2200181 450 | |
| 001 | 1735965424 | |
| 005 | 20170410095925.42 | |
| 010 | @a7-302-30817-1@d¥49.80 | |
| 100 | @a20170410d km y0chiy0120 ea | |
| 101 | 0 | @achi |
| 200 | 1 | @a表观遗传学前沿@Abiao guan yi chuan xue qian yan@f蔡禄@Fcai lu |
| 210 | @a北京@c清华大学出版社@d2012 | |
| 215 | @a285@c彩图@d26cm | |
| 606 | 0 | @a遗传学@x分类 |
| 690 | @aQ34@v4 | |
| 701 | 0 | @a蔡禄@Acai lu |
| 801 | 0 | @aCN@b大连网信软件有限公司图书馆·11@c20170410 |
| 905 | @b6604910@dQ34@en12@f1 | |
| 表观遗传学前沿/蔡禄.-北京:清华大学出版社,2012 |
| 285:彩图;26cm |
| ISBN 7-302-30817-1:¥49.80 |
| ● |
| 相关链接 |
|
|
|
|
正题名:表观遗传学前沿
索取号:Q34/n12
 
预约/预借
| 序号 | 登录号 | 条形码 | 馆藏地/架位号 | 状态 | 备注 |
| 1 | 6604910 | 266049108 | 密集书库-生命科学系/ [索取号:Q34/n12] | 在馆 |